| 000 | 01093nac a22003491i 4500 | ||
|---|---|---|---|
| 003 | EG-ScBUE | ||
| 005 | 20250227111742.0 | ||
| 006 | ma fq||h 00| 0 | ||
| 008 | 250213t2004 njua f 001 0 eng d | ||
| 020 | _a0131228137 | ||
| 020 | _a9780131228139 | ||
| 040 |
_aEG-ScBUE _beng _erda _cEG-ScBUE _dEG-ScBUE |
||
| 082 | 0 | 4 |
_a519.521 _bFRE _222 |
| 100 | 1 |
_aFreund, Jhon E., _eauthor. |
|
| 245 | 1 | 0 |
_aModern elementary statistics / _cJohn E. Freund, Arizona State University. |
| 246 | 3 | 0 | _aStatistics |
| 250 | _aEleventh edition. | ||
| 250 | _aInternational edition. | ||
| 264 | 1 |
_aUpper Saddle River, New Jersey : _bPearson Prentice Hall, _c[2004] |
|
| 264 | 4 | _cc2004 | |
| 300 |
_axiii, 545 pages : _billustrations ; _c24 cm + _e1 CD |
||
| 336 |
_2rdacontent _atext _btxt |
||
| 336 |
_2rdacontent _asounds _bsnd |
||
| 337 |
_aunmediated _2rdamedia _bn |
||
| 337 |
_aaudio _2rdamedia _bs |
||
| 338 |
_avolume _bnc _2rdacarrier |
||
| 338 |
_acomputer disc _bCD _2rdacarrier |
||
| 500 | _aIncludes index. | ||
| 650 | 7 |
_aStatistics. _2BUEsh |
|
| 655 | _vReading book | ||
| 942 |
_cBB _2ddc |
||
| 999 |
_c2057 _d2057 |
||